000 00710nam a22002057a 4500
005 20251108165413.0
008 250721s1988 xx 000 0 ara d
082 1 4 _aم/370.956/من
245 1 0 _aمن أعلام التربية العربية الإسلامية /
264 1 _aالرياض :
_bمكتب التربية العربي لدول الخليج،
_c1988.
300 _a4مج
650 1 7 _aالتربية الإسلامية
650 1 7 _aالتربية
650 1 7 _aالبلدان العربية
650 1 7 _aالتربويون
650 1 7 _aالتراجم
710 2 _aالمنظمة العربية للتربية و الثقافة و العلوم
942 _2ddc
_cREF
999 _c27097
_d27097